Normal view
MARC view
- Pandey , Adesh
Entry Personal Name
001 - CONTROL NUMBER
- control field: 1165
003 - CONTROL NUMBER IDENTIFIER
- control field: JO-AjAnu
005 - DATE AND TIME OF LATEST TRANSACTION
- control field: 20230606070508.0
008 - FIXED-LENGTH DATA ELEMENTS
- fixed length control field: 230606|| aca||aabn | a|a d
040 ## - CATALOGING SOURCE
- Original cataloging agency: JO-AjAnu
- Transcribing agency: JO-AjAnu
100 ## - HEADING--PERSONAL NAME
- Personal name: Pandey , Adesh
670 ## - SOURCE DATA FOUND
- Source citation: Work cat.: (JO-AjAnu)611: Pandey , Adesh, author, Fundamentals of Electronics Commerce